000 00635nam a22001937a 4500
003 OSt
005 20230112093121.0
008 230112b |||||||| |||| 00| 0 eng d
040 _cBiblioteca Lado V
082 _a708
_bH132a
100 _9501
_aHadziomerpshic, Anur
_edirector
245 _aARS AEVI/
_bMUSEUM OF CONTEMPORARY ART SARAJEVO/
260 _aCity of Sarajevo
_bUNESCO
_c2009
300 _a324P.
_c15x15cm
650 _2Tesauro de Arte & Arquitectura
_aCATALOGO
650 _2Tesauro de Arte & Arquitectura
_aARTE
650 _2Tesauro de Arte & Arquitectura
_aMUSEO
942 _2ddc
_c1
_h708
_iH132a
_n0
999 _c2738
_d2738